Interim HR management

Pojem interim manažér. Využitie interim manažérov v praxi, výhody. Vlastnosti dobrého interim manažéra.

Salvato in:
Dettagli Bibliografici
Autore principale: Černá, Markéta
Natura: Capitolo di libro
Lingua:ceco
Soggetti:
Tags: Aggiungi Tag
Nessun Tag, puoi essere il primo ad aggiungerne!!

MARC

LEADER 00000naa$a2200000$$$4500
001 0079331
005 20231113131341.9
041 0 |a cze 
044 |a CZ 
245 1 0 |a Interim HR management  |c Markéta Černá 
520 |a Pojem interim manažér. Využitie interim manažérov v praxi, výhody. Vlastnosti dobrého interim manažéra. 
610 2 0 |a manažment 
610 2 0 |a manažéri 
610 2 0 |a riadenie ľudských zdrojov 
100 1 |a Černá, Markéta